Evropský pas pro pojišťovací zprostředkovatele

Komentár k nariadeniam európskej ekonomickej komunity o aktivitách poisťovacích spoločností, ktoré sú registrované v inej krajine. Voľné služby poistných agentov a maklérov. Harmonizácia predpisov v rámci EÚ.

Saved in:
Bibliographic Details
Main Author: Prouza, Tomáš
Format: Book Chapter
Language:Czech
Subjects:
Tags: Add Tag
No Tags, Be the first to tag this record!

MARC

LEADER 00000naa$a2200000$$$4500
001 0034850
005 20231006075239.3
041 0 |a cze 
044 |a CZ 
245 1 0 |a Evropský pas pro pojišťovací zprostředkovatele  |c Tomáš Prouza 
520 |a Komentár k nariadeniam európskej ekonomickej komunity o aktivitách poisťovacích spoločností, ktoré sú registrované v inej krajine. Voľné služby poistných agentov a maklérov. Harmonizácia predpisov v rámci EÚ. 
610 2 0 |a Európska únia 
610 2 0 |a poisťovníctvo 
610 2 0 |a Česko 
610 2 0 |a poisťovne komerčné 
610 2 0 |a trh medzinárodný 
610 2 0 |a trh poistný 
610 2 0 |a služby 
100 1 |a Prouza, Tomáš